TV Debuts: 1999 Quiz Stats

 Plays Quiz Updated Feb 18, 2019

Support Sporcle.
Go Orange.
Score 0/20 Timer 04:00
0 Plays Today
% Correct
SpongeBob SquarePants
94.6%
Family Guy
92.9%
Who Wants to Be a Millionaire?
92%
Futurama
86.8%
The Sopranos
78.1%
WWF Smackdown!
73.4%
The West Wing
69.5%
Law and Order: SVU
65.6%
Freaks and Geeks
56.7%
Angel
49.8%
% Correct
Judging Amy
38.9%
Blind Date
23.5%
Tenacious D
21.5%
Third Watch
11.4%
Popular
9.6%
Greed
8.8%
The Parkers
6.9%
Once and Again
5.2%
Action
2.6%
Family Law
1.9%

From the Vault

Greek God by 5 Word Description

by wezuri90

If we let the Greek Gods choose their own descriptors, we'd have a very different quiz.
Remove Ads.
Support Sporcle.
Get the best of Sporcle when you Go Orange. This ad-free experience offers more features, more stats, and more fun while also helping to support Sporcle. Thank you for becoming a member.

Show Comments

Extras

Top Quizzes Today


Score Distribution

Your Account Isn't Verified!

In order to create a playlist on Sporcle, you need to verify the email address you used during registration. Go to your Sporcle Settings to finish the process.

Report this User

Report this user for behavior that violates our Community Guidelines.

Details: